Riconosci il Pokémon - Quiz n°439 - Statistics

Statistiche generali
  • Questo quiz è stato fatto 0 volte
  • Il punteggio medio è 0 su 10
Statistiche sulle risposte
Indizio Risposta % Corretto
Sesso 100% ♂
0%
Altezza 1,5 m (Forma Incarnazione); 1,3 (Forma Totem)
0%
Tasso di cattura 3 (1.6%)
0%
Peso 68,0 kg
0%
Pokémon Landorus
0%
Tasso di allevamento Lento
0%
Stadio evoluzione Non si evolve
0%
Generazione Quinta
0%
Abilità Silicoforza (Forma Incarnazione); Forzabruta (Forma Incarnazione); Prepotenza (Forma Totem)
0%
Tipo Terra / Volante
0%
Nessun quiz corrispondente trovato
Distribuzione punteggi
Percentuale di utenti per punteggio
Percentile per numero di risposta
I tuoi punteggi nel tempo
Non hai fatto questo quiz